000
00313nam a22001457a 4500
020
_a
978-0782124453
041
_a
ENG
100
_a
Minasi M
245
_a
Mastering .Windows Nt Server 4
250
_a
Fourth Ed
260
_a
Delhi
_b
BPB Pub
_c
1997
300
_a
1359
650
_a
Computer
856
_u
Computer
999
_c
762
_d
762